| 000 | 00731nam a2200241 4500 | ||
|---|---|---|---|
| 001 | 178031 | ||
| 003 | ES-MaACL | ||
| 005 | 20250111062533.0 | ||
| 008 | 110513s2009 sp |||| | spa d | ||
| 020 | _a978-84-339-7195-1 | ||
| 080 | _a821.134.2-31"19" | ||
| 100 | 1 |
_aGopegui, Belén. _959127 |
|
| 245 | 1 | 0 |
_aDeseo de ser punk / _cBelén Gopegui. |
| 250 | _a1ª ed. | ||
| 260 |
_aBarcelona : _bAnagrama, _c2009. |
||
| 300 |
_a187 p. ; _c22 cm. |
||
| 490 | 1 |
_aNarrativas hispánicas ; _v456 |
|
| 830 | 0 | 0 |
_aNarrativas hispánicas (Anagrama) _v456 _9178124 |
| 852 |
_aES-MaACL _9184890 _bR.145618 _jA-11171 _dOlim: N-4176 _cDEPO1 |
||
| 942 |
_2udc _cMONOGRAFIA |
||
| 999 |
_c178031 _d178031 |
||